cowboy like me - Taylor Swift (All Lyrics) - Statistics

General Stats
  • This quiz has been taken 1,956 times
  • The average score is 286 of 342
Answer Stats
Answer % Correct
a
99%
I
99%
like
99%
Like
99%
me
99%
th
99%
the
99%
you
98%
You
98%
an
97%
cowboy
97%
your
96%
And
95%
You're
95%
be
94%
in
94%
to
94%
love
93%
my
93%
is
92%
up
92%
When
92%
it
91%
It
91%
one
91%
some
91%
for
90%
was
90%
know
89%
of
89%
thing
89%
could
88%
never
88%
Never
88%
With
88%
all
85%
court
85%
I'm
85%
tennis
85%
This
85%
this
85%
But
84%
hear
84%
said
84%
sleeve
84%
Takes
84%
gonna
83%
they
83%
tricks
83%
again
82%
covered
82%
dance
82%
Dancin
82%
dangerous
82%
I've
82%
Now
82%
asked
81%
dark
81%
pay
81%
game
80%
had
80%
tent
79%
rich
78%
Telling
78%
those
78%
bandit
77%
folks
77%
got
77%
things
77%
wanna
77%
if
76%
thought
76%
Just
75%
anything
74%
car
74%
Oh
74%
way
74%
from
73%
by
72%
fancy
72%
I'll
72%
lips
72%
Only
72%
We
72%
Babylon
71%
gardens
71%
I'd
71%
wanted
71%
hang
70%
that
70%
Eyes
69%
full
68%
men
68%
our
68%
Forever
67%
stars
67%
sweetest
67%
fuck
66%
skeletons
66%
airport
65%
old
65%
bar
64%
both
64%
closets
64%
hard
64%
here
64%
sitting
64%
waiting
64%
beneath
63%
down
63%
good
63%
meet
63%
bed
62%
believe
62%
boots
62%
did
60%
Perched
60%
phone
60%
Really
60%
con
59%
forward
58%
have
57%
life
57%
locked
55%
town
55%
Plotted
54%
before
53%
through
52%
passed
51%
stories
51%
swindled
51%
about
50%
ladies
49%
Hustling
43%
lunching
35%
their
35%
No matching quizzes found
Score Distribution
Percent of People with Each Score
Percentile by Number Answered
Your Score History
You have not taken this quiz